000 00547nam a22001937a 4500
005 20250106111015.0
010 _aB-761552
020 _a9789354494376
_c445.00
035 _aB-761552
037 _bGift
082 _a510
100 _aKaushik, Renu
_975854
245 _aNumber Line Prime 6/
_cRenu Kaushik and Pawan Agarwal
260 _bPearson publication
300 _a314p.
_c25cm(Pb)
700 _aAgarwal, Pawan
_975855
942 _2ddc
_cEN
_mNUM
_h510
999 _c208047
_d208047